000 00486nam a2200181Ia 4500
001 20695
005 20260306172824.0
008 260306t2013||||xx |||||||||||||| ||spa||
041 _aESP
082 _a343.6J
_bG312
100 _aGaceta Jurídica
_eAUT
245 0 _aLas infracciones de los postores en la contratación estatal en la jurisprudencia del OSCE
260 _c2013
300 _a494 páginas :
_c24 cm.
650 _aGEN
654 _aCDE
942 _cLIB
_dJUS
_fJUS
_2ddc
_n
999 _c20695
_d20695